Logos - Statistics

General Stats
  • This quiz has been taken 1,921 times
  • The average score is 6 of 11
Answer Stats
Picture Answer % Correct
McDonalds
93%
NBC
72%
Steam
71%
Dairy Queen
69%
Bing
64%
IMovie
58%
Paramount
52%
Microsoft Edge
42%
Ubisoft
36%
Go Pro
23%
Smash Bros.
23%
No matching quizzes found
Score Distribution
Percent of People with Each Score
Percentile by Number Answered
Your Score History
You have not taken this quiz